[Event "Castellar Open"]
[Site "Castellar"]
[Date "1996.??.??"]
[Round "?"]
[White "Touzane, Olivier"]
[Black "Mellado Trivino, Juan"]
[Result "0-1"]
[WhiteElo "2500"]
[BlackElo "2470"]
[PlyCount "44"]
[EventDate "1996.??.??"]
[Source "www.chesslib.no"]
[SourceDate "2004.05.04"]

1. d4 f5 2. Bg5 h6 3. Bh4 c5 4. d5 Qa5+ 5. Nd2 g5 6. e4 gxh4 7. Qh5+ Kd8 8. e5 d6 9. Qf7 Nd7 10. f4 Qb4 11. e6 Qxb2 12. Rb1 Qf6 13. Qh5 Nb6 14. c4 Bg7 15. Ngf3 Bxe6 16. dxe6 Qxe6+ 17. Kd1 Bc3 18. Bd3 Nf6 19. Qxh4 Qf7 20. Qf2 Ne4 21. Nxe4 fxe4 22. Bxe4 Qxc4 0-1

[Event "Kotov Memorial"]
[Site "Tallinn EST"]
[Date "1986.??.??"]
[Round "?"]
[White "Vaisser, Anatoli V"]
[Black "Palatnik, Semyon"]
[Result "0-1"]
[WhiteElo "2505"]
[BlackElo "2460"]
[PlyCount "124"]
[EventDate "1986.??.??"]
[Source "www.chesslib.no"]
[SourceDate "2004.05.04"]

1. d4 f5 2. Bg5 g6 3. Nc3 d5 4. h4 Bg7 5. e3 Be6 6. Nf3 c6 7. h5 Nd7 8. hxg6 hxg6 9. Rxh8 Bxh8 10. Nh4 Nf8 11. g4 fxg4 12. Bd3 Kf7 13. Ne2 Bf6 14. f4 gxf3 15. Nxf3 Bg4 16. Ne5+ Bxe5 17. dxe5 Ne6 18. Bh4 Nh6 19. Qd2 Nf5 20. Bf2 Qh8 21. O-O-O Qxe5 22. Rg1 Bxe2 23. Qxe2 Rh8 24. Qg4 Qf6 25. e4 dxe4 26. Qxe4 a6 27. Bc4 Nd6 28. Bxe6+ Qxe6 29. Qxe6+ Kxe6 30. Rxg6+ Kf5 31. Rg1 e5 32. b3 Ne4 33. Bb6 Nf6 34. Rf1+ Ke6 35. Re1 Nd5 36. Bd4 Rh5 37. a4 Nf4 38. Bb2 Ng6 39. Bc3 Rh7 40. Kd2 Kf5 41. a5 e4 42. Rf1+ Nf4 43. Bd4 Rh2+ 44. Kd1 Rh3 45. Kd2 Rf3 46. Rh1 Rh3 47. Rf1 Rf3 48. Rh1 Nd5 49. Rh5+ Kg4 50. Re5 Kf4 51. Re8 Rh3 52. Rf8+ Kg4 53. Rg8+ Kf3 54. Rf8+ Nf4 55. Rf7 e3+ 56. Bxe3 Rh2+ 57. Kc3 Kxe3 58. Re7+ Kf3 59. Rxb7 Ke4 60. Re7+ Kd5 61. b4 Kd6 62. Rb7 Nd5+ 0-1

[Event "Werfen Open"]
[Site "Werfen"]
[Date "1995.??.??"]
[Round "3"]
[White "Hertneck, Gerald"]
[Black "Rolletschek, Heinrich"]
[Result "1-0"]
[WhiteElo "2595"]
[BlackElo "2370"]
[PlyCount "59"]
[EventDate "1995.09.??"]
[Source "www.chesslib.no"]
[SourceDate "2004.05.04"]

1. d4 f5 2. Bg5 g6 3. c4 Bg7 4. e3 Nf6 5. Nc3 d6 6. Nf3 O-O 7. Be2 c6 8. Qb3 Qb6 9. d5 Na6 10. Nd4 Qxb3 11. axb3 Nb4 12. O-O h6 13. Bxf6 Bxf6 14. dxc6 Nxc6 15. Rfd1 Bd7 16. Nd5 Kf7 17. Nxf6 Kxf6 18. Bf3 a6 19. Ne2 Rab8 20. c5 Be6 21. Bxc6 bxc6 22. Rxa6 Bxb3 23. Rc1 Bd5 24. cxd6 e6 25. Nc3 Rxb2 26. f3 Ke5 27. d7 Rd8 28. Nxd5 Kxd5 29. Raxc6 Rb5 30. Rc8 1-0

[Event "First Saturday GM - Dicembre 2007"]
[Site "Budapest UNG"]
[Date "2007.12.02"]
[Round "2"]
[White "Rajlich, Iweta"]
[Black "Ilincic, Zlatko"]
[Result "0-1"]
[WhiteElo "2411"]
[BlackElo "2545"]
[PlyCount "78"]
[EventDate "2007.12.01"]
[Source "www.chesslib.no"]
[SourceDate "2004.05.04"]

1. d4 f5 2. Bg5 g6 3. Nc3 h6 4. Bf4 d6 5. e4 e6 6. exf5 exf5 7. Bb5+ c6 8. Ba4 Nf6 9. d5 b5 10. Bb3 b4 11. Na4 g5 12. Qe2+ Qe7 13. Bd2 Nxd5 14. Bxd5 cxd5 15. a3 Nc6 16. axb4 Rb8 17. O-O-O Bg7 18. h4 g4 19. Qxe7+ Kxe7 20. Ne2 d4 21. Nf4 Kf7 22. b3 Nxb4 23. Bxb4 Rxb4 24. Nb2 Ba6 25. Nbd3 Rb7 26. Rhe1 Rc8 27. Nd5 Bb5 28. Kb2 a5 29. Rd2 a4 30. Rde2 Bxd3 31. Re7+ Rxe7 32. Rxe7+ Kf8 33. cxd3 Rc5 34. Rxg7 Kxg7 35. Nf4 Rb5 36. Ne6+ Kf6 37. Nxd4 Rb4 38. Kc3 axb3 39. Nxb3 Rf4 0-1

[Event "Elgoibar"]
[Site "Elgoibar"]
[Date "1998.11.24"]
[Round "4"]
[White "Gomez Esteban, Juan Mario"]
[Black "Fernandes, Antonio"]
[Result "1-0"]
[WhiteElo "2475"]
[BlackElo "2480"]
[PlyCount "58"]
[EventDate "1998.11.11"]
[Source "ChessBase"]
[SourceDate "1999.04.01"]

1. d4 f5 2. Bg5 g6 3. Nd2 Bg7 4. e3 Nf6 5. Bd3 O-O 6. c3 b6 7. Qe2 c5 8. O-O-O Bb7 9. f3 Qc8 10. Kb1 Ba6 11. h4 Bxd3+ 12. Qxd3 Qa6 13. Qc2 cxd4 14. exd4 Nd5 15. h5 Nc6 16. hxg6 hxg6 17. Nh3 Rac8 18. Qb3 e6 19. Nf4 Na5 20. Qa3 Qb5 21. Nxd5 Qxd5 22. Bh6 d6 23. Bxg7 Kxg7 24. Nb3 Nc6 25. Qa6 f4 26. Qb7+ Kf6 27. Rh7 Rce8 28. Qg7+ Kg5 29. Rdh1 Qf5+ 1-0

[Event "Lippstadt"]
[Site "Lippstadt"]
[Date "1995.??.??"]
[Round "3"]
[White "Kempinski, Robert"]
[Black "Schlosser, Philipp"]
[Result "1-0"]
[WhiteElo "2455"]
[BlackElo "2500"]
[PlyCount "79"]
[EventDate "1995.07.??"]
[Source "www.chesslib.no"]
[SourceDate "2004.05.04"]

1. d4 f5 2. Bg5 h6 3. Bh4 g5 4. Bg3 Nf6 5. e3 d6 6. Nc3 e6 7. Bd3 Nc6 8. h4 Rg8 9. hxg5 hxg5 10. Nge2 Bd7 11. f3 Qe7 12. e4 O-O-O 13. Qd2 g4 14. exf5 gxf3 15. gxf3 e5 16. dxe5 Nxe5 17. Bxe5 Qxe5 18. Qf4 Qa5 19. O-O-O d5 20. Nd4 Bb4 21. Nb3 Qb6 22. Rh6 Bd6 23. Qd2 Rg2 24. Qxg2 Bf4+ 25. Kb1 Bxh6 26. Qg6 Rh8 27. Bb5 Bxb5 28. Nxb5 Be3 29. a4 a6 30. Nxc7 Rh6 31. Nxd5 Nxd5 32. Qg8+ Qd8 33. Qxd8+ Kxd8 34. Rxd5+ Kc7 35. Re5 Bf4 36. Re7+ Kc8 37. Nd4 Bg5 38. Rf7 Bf6 39. Ne6 Kb8 40. Nc5 1-0

[Event "Jonsson Mem Open, Reykjavik ISL"]
[Site "?"]
[Date "2001.??.??"]
[Round "8"]
[White "Nyback, T."]
[Black "Danielsen, Hen"]
[Result "1/2-1/2"]
[WhiteElo "2430"]
[BlackElo "2525"]
[PlyCount "100"]
[EventDate "2001.??.??"]
[Source "www.chesslib.no"]
[SourceDate "2004.05.04"]

1. d4 f5 2. Bg5 g6 3. Nd2 Bg7 4. e4 fxe4 5. Nxe4 d5 6. Nc5 b6 7. Nb3 Nh6 8. Bd3 Nf7 9. h4 Qd6 10. Qe2 e5 11. dxe5 Qxe5 12. Be3 c5 13. Nf3 Qe7 14. c4 a5 15. cxd5 a4 16. Nbd2 a3 17. Nc4 axb2 18. Rb1 Rxa2 19. h5 Bf5 20. Nxb6 Bc3+ 21. Nd2 Ne5 22. Bxf5 gxf5 23. Qb5+ Nbd7 24. Nxd7 Qxd7 25. Qb3 Bxd2+ 26. Kxd2 Ra8 27. Bxc5 Kf7 28. d6+ Qe6 29. Qb7+ Qd7 30. Qd5+ Qe6 31. Qb7+ Qd7 32. Qxd7+ Nxd7 33. Bd4 Rhe8 34. Rxb2 Re4 35. Bc3 Ra6 36. Rb5 Rxd6+ 37. Kc1 Rf4 38. f3 Rc4 39. Kb2 Nc5 40. Bb4 Nd3+ 41. Kb3 Rxb4+ 42. Rxb4 Nxb4 43. Kxb4 Kf6 44. Kc3 Kg5 45. g3 f4 46. gxf4+ Kxf4 47. h6 Ke3 48. Re1+ Kxf3 49. Rh1 Kg3 50. Kc2 Kg4 1/2-1/2

[Event "Budapest HUN"]
[Site "?"]
[Date "2005.10.08"]
[Round "8"]
[White "Radziewicz Iweta"]
[Black "Kallio Heikki"]
[Result "0-1"]
[WhiteElo "2453"]
[BlackElo "2501"]
[PlyCount "66"]
[EventDate "2005.??.??"]
[Source "www.chesslib.no"]
[SourceDate "2004.05.04"]

1. d4 f5 2. Bg5 Nf6 3. Nc3 d5 4. Bxf6 exf6 5. e3 Be6 6. Nge2 Qd7 7. Nf4 Bf7 8. a3 h5 9. h4 c6 10. Na4 Bd6 11. Qf3 Qe7 12. b4 Nd7 13. Nc5 a5 14. Bd3 axb4 15. Nxb7 Rxa3 16. O-O g6 17. c4 Bxf4 18. Qxf4 O-O 19. Rxa3 bxa3 20. c5 Ne5 21. dxe5 Qxb7 22. exf6 Qb2 23. Qa4 a2 24. Qd4 Rb8 25. Ra1 Rb4 26. Qxb2 Rxb2 27. Kf1 Be6 28. Ke1 f4 29. Bxg6 fxe3 30. fxe3 Rxg2 31. Bd3 Rg1+ 32. Bf1 Bh3 33. Rxa2 Rxf1+ 0-1

[Event "ROM-chT"]
[Site "Herculane"]
[Date "1996.??.??"]
[Round "4"]
[White "Atalik, Suat"]
[Black "Mozes, Ervin"]
[Result "1-0"]
[WhiteElo "2535"]
[BlackElo "2415"]
[PlyCount "105"]
[EventDate "1996.??.??"]
[Source "ChessBase"]

1. d4 f5 2. Bg5 g6 3. Nc3 Bg7 4. e4 fxe4 5. Nxe4 d5 6. Ng3 c5 7. Nf3 Nc6 8. dxc5 Bxb2 9. Rb1 Bc3+ 10. Bd2 Qa5 11. Be2 Nf6 12. O-O Bxd2 13. Qxd2 Qxd2 14. Nxd2 e5 15. f4 O-O 16. fxe5 Nxe5 17. c4 d4 18. Nf3 d3 19. Nxe5 dxe2 20. Rfe1 Re8 21. Rxe2 Re7 22. Ng4 Rxe2 23. Nxf6+ Kf7 24. Nxe2 Kxf6 25. Nf4 Ke5 26. Nd5 Bf5 27. Rxb7 Rc8 28. Rxa7 Rxc5 29. Ne3 Be4 30. Rxh7 Ra5 31. Nd5 Bd3 32. Nb4 Be4 33. Rd7 Ke6 34. Rd4 Ke5 35. Rd2 Ra3 36. c5 Rc3 37. c6 Rc4 38. Rb2 Kd4 39. Kf2 Kc3 40. Rb3+ Kd4 41. a3 Rc5 42. g4 g5 43. Ke2 Rc1 44. Kd2 Rc4 45. Rh3 Rc5 46. Rh5 Rc3 47. Rxg5 Rxa3 48. Nc2+ Bxc2 49. Kxc2 Rc3+ 50. Kb2 Rxc6 51. h4 Ke4 52. h5 Rc8 53. Kb3 1-0

[Event "Cup (active)"]
[Site "Tallinn EST"]
[Date "1988.??.??"]
[Round "7"]
[White "Koutsin, Sergey"]
[Black "Bareev, Evgeny I"]
[Result "0-1"]
[WhiteElo "2390"]
[BlackElo "2560"]
[PlyCount "80"]
[EventDate "1988.??.??"]
[Source "www.chesslib.no"]
[SourceDate "2004.05.04"]

1. d4 f5 2. Bg5 c6 3. e3 Qb6 4. Qc1 d6 5. Nf3 g6 6. c3 Bg7 7. Nbd2 h6 8. Bf4 Qc7 9. h3 Nd7 10. g4 g5 11. Bg3 fxg4 12. hxg4 Ngf6 13. Qc2 Nf8 14. Bd3 Bxg4 15. Bg6+ Nxg6 16. Qxg6+ Kf8 17. O-O-O Qd7 18. Qd3 Kg8 19. e4 Rf8 20. e5 Nh5 21. exd6 exd6 22. Rdf1 Nf4 23. Bxf4 Rxf4 24. Re1 Bxf3 25. Nxf3 Qf5 26. Qxf5 Rxf5 27. Nd2 Bf8 28. Re8 Rh7 29. f3 d5 30. Kc2 Kf7 31. Rhe1 h5 32. Rb8 Kg8 33. Kd3 h4 34. Rh1 Re7 35. Rg1 Kf7 36. a4 Kg6 37. a5 Bh6 38. Rd8 Bg7 39. Rd6+ Kh5 40. Rh1 Rf6 0-1

[Event "Cappelle op"]
[Site "Cappelle"]
[Date "1993.??.??"]
[Round "9"]
[White "Nei, Iivo"]
[Black "Vaisser, Anatoli"]
[Result "0-1"]
[WhiteElo "2395"]
[BlackElo "2555"]
[PlyCount "72"]
[EventDate "1993.??.??"]
[Source "www.chesslib.no"]
[SourceDate "2004.05.04"]

1. d4 f5 2. Bg5 c6 3. c3 d6 4. e3 Nd7 5. Nd2 Ndf6 6. Qc2 g6 7. h3 Bg7 8. Bf4 Nd5 9. Bh2 Ngf6 10. a3 b5 11. c4 bxc4 12. Bxc4 O-O 13. Ne2 Kh8 14. O-O a5 15. Rfe1 Qb6 16. Ba2 Be6 17. Nc4 Qa6 18. Kh1 Bg8 19. Bg1 Nh5 20. f3 f4 21. e4 Nc7 22. Bf2 a4 23. Nd2 Bxa2 24. Rxa2 Nb5 25. b4 axb3 26. Qxb3 Qa4 27. Qd3 Ng3+ 28. Nxg3 fxg3 29. Bxg3 Qxd4 30. Qxd4 Bxd4 31. Nb1 Ra4 32. Bh4 e6 33. Nd2 Rfa8 34. Rc1 c5 35. Nc4 Nc3 36. Rxc3 Bxc3 0-1

[Event "Memorial A. Kotov"]
[Site "Tula (Russia)"]
[Date "2007.07.06"]
[Round "10"]
[White "Bagirov Rufat (AZE)"]
[Black "Kuzin Anton (RUS)"]
[Result "1/2-1/2"]
[WhiteElo "2487"]
[BlackElo "2461"]
[PlyCount "148"]
[EventDate "2007.??.??"]
[Source "www.chesslib.no"]
[SourceDate "2004.05.04"]

1. d4 f5 2. Bg5 d5 3. e3 c6 4. c4 Qb6 5. Qc2 Be6 6. Nf3 Nd7 7. cxd5 cxd5 8. Nc3 Rc8 9. Bd3 Ngf6 10. Bxf6 Nxf6 11. Bxf5 Bxf5 12. Qxf5 e6 13. Qc2 Bb4 14. Qa4+ Ke7 15. O-O Qa5 16. Qb3 Bxc3 17. bxc3 b6 18. Rfc1 Rc7 19. Ne5 Rhc8 20. c4 Nd7 21. Nxd7 Kxd7 22. c5 bxc5 23. dxc5 Rxc5 24. Rd1 Ke7 25. e4 Qc3 26. Qxc3 Rxc3 27. exd5 exd5 28. Rxd5 Rc1+ 29. Rd1 Rxa1 30. Rxa1 Rc2 31. g4 g5 32. Kg2 Kf6 33. h3 a5 34. a4 Rc4 35. Ra3 h6 36. Kg3 Rb4 37. h4 h5 38. Rf3+ Kg6 39. gxh5+ Kxh5 40. Rf5 Rg4+ 41. Kf3 Kxh4 42. Rxa5 Rf4+ 43. Kg2 Rb4 44. Ra8 Kh5 45. a5 Ra4 46. a6 Kg6 47. Kg3 Ra3+ 48. f3 Ra2 49. Kh3 Kf6 50. a7 Kg7 51. Kg4 Ra5 52. Kh5 Kh7 53. Rf8 Rxa7 54. Kxg5 Kg7 55. Rf6 Ra5+ 56. Rf5 Ra7 57. Rd5 Rb7 58. f4 Ra7 59. Rd6 Rb7 60. Ra6 Rc7 61. f5 Rb7 62. Rg6+ Kf7 63. Rh6 Rb1 64. Rh7+ Kg8 65. Re7 Rb6 66. Re6 Rb7 67. Rh6 Ra7 68. Kg6 Rg7+ 69. Kf6 Rf7+ 70. Ke6 Ra7 71. Rh4 Ra6+ 72. Ke7 Ra7+ 73. Kf6 Ra6+ 74. Kg5 Kg7 1/2-1/2

[Event "Soviet Union"]
[Site "Soviet Union"]
[Date "1985.??.??"]
[Round "?"]
[White "Golod, Vitali"]
[Black "Maksimenko, Andrei"]
[Result "0-1"]
[WhiteElo "2510"]
[BlackElo "2435"]
[PlyCount "80"]
[EventDate "1985.??.??"]
[Source "www.chesslib.no"]
[SourceDate "2004.05.04"]

1. d4 f5 2. Bg5 g6 3. h4 Bg7 4. c3 d5 5. Nd2 Nd7 6. Nh3 h6 7. Bf4 Ngf6 8. e3 c6 9. Qf3 Ng4 10. Qg3 e5 11. dxe5 Ngxe5 12. Bxe5 Nxe5 13. Nf3 Qd6 14. Nxe5 Bxe5 15. f4 Bg7 16. Kf2 Rg8 17. Qf3 Bd7 18. h5 O-O-O 19. hxg6 Qxg6 20. Bd3 Rde8 21. Ng1 Kb8 22. Ne2 Re7 23. Ng3 c5 24. Rae1 Bf6 25. Rh5 Reg7 26. Rh3 h5 27. Rg1 d4 28. Qxh5 Bc6 29. Bf1 dxe3+ 30. Kxe3 Re7+ 31. Kf2 Bd4+ 32. cxd4 Qd6 33. Ne2 cxd4 34. Rd3 Bb5 35. Rb3 d3 36. Rxb5 d2 37. Qf3 d1=Q 38. g3 Rxe2+ 39. Bxe2 Q6d4+ 40. Kg2 Q1xg1+ 0-1

[Event "DEN-chT 9697"]
[Site "?"]
[Date "1997.??.??"]
[Round "4"]
[White "Hoi, Carsten"]
[Black "Danielsen, Henrik"]
[Result "0-1"]
[WhiteElo "2445"]
[BlackElo "2495"]
[PlyCount "62"]
[EventDate "1996.11.03"]
[Source "www.chesslib.no"]
[SourceDate "2004.05.04"]

1. d4 f5 2. Bg5 g6 3. e3 Bg7 4. h4 d6 5. Bc4 h6 6. Bf4 Nc6 7. Nc3 Nf6 8. Nf3 Ng4 9. Qe2 Na5 10. Bb3 Nxb3 11. axb3 e5 12. Bg3 c6 13. O-O-O Qe7 14. dxe5 dxe5 15. Ne1 f4 16. Bh2 fxe3 17. fxe3 O-O 18. Nd3 Be6 19. Bg3 h5 20. Kb1 a5 21. Ne4 a4 22. bxa4 Rxa4 23. Ndc5 Ba2+ 24. Kc1 Bc4 25. Qxg4 hxg4 26. Nxa4 Ra8 27. Nac5 Bd5 28. h5 b6 29. Bh4 Ra1+ 30. Kd2 Rxd1+ 31. Kxd1 Qa7 0-1

[Event "Piloo Mody Open"]
[Site "Lucknow"]
[Date "2004.10.05"]
[Round "5"]
[White "Fominyh, Alexander"]
[Black "Lodhi, Mahmood"]
[Result "1/2-1/2"]
[WhiteElo "2546"]
[BlackElo "2390"]
[PlyCount "84"]
[EventDate "2004.10.01"]
[Source "Roberto Alvarez"]
[SourceDate "2004.10.18"]

1. d4 f5 2. Bg5 Nf6 3. Bxf6 exf6 4. c4 Bb4+ 5. Nc3 O-O 6. Qb3 c5 7. Nf3 Qa5 8. Rc1 d6 9. a3 Bxc3+ 10. Qxc3 Qxc3+ 11. Rxc3 Nc6 12. e3 Re8 13. Be2 b6 14. Kd1 Bb7 15. Re1 Re7 16. g3 g6 17. Kd2 Kg7 18. Rb1 a5 19. Rb3 Ra6 20. Rd1 a4 21. Rc3 Na5 22. Ke1 Ra7 23. Kf1 Bc6 24. Nd2 h5 25. h4 Rec7 26. Rdc1 Rab7 27. Ke1 Re7 28. Kd1 Rb8 29. Bf3 Bxf3+ 30. Nxf3 Nb3 31. R1c2 cxd4 32. Nxd4 Rbe8 33. Rd2 f4 34. Rxb3 fxg3 35. fxg3 Rc8 36. Kc2 f5 37. Kd3 Ra8 38. Rxb6 Rxe3+ 39. Kc2 Rxa3 40. c5 Rxg3 41. c6 Rg4 42. Rb3 Rxh4 1/2-1/2

[Event "4th Open, Tanta City EGY"]
[Site "?"]
[Date "2001.??.??"]
[Round "1"]
[White "Fominyh, A."]
[Black "Abdel Razik, K."]
[Result "1-0"]
[WhiteElo "2570"]
[BlackElo "2365"]
[PlyCount "53"]
[EventDate "2001.??.??"]
[Source "www.chesslib.no"]
[SourceDate "2004.05.04"]

1. d4 f5 2. Bg5 g6 3. Nc3 Bg7 4. e3 Nf6 5. Bc4 c6 6. Nf3 Ne4 7. Nxe4 fxe4 8. Nd2 Qa5 9. Bh4 d5 10. Bb3 Bf6 11. Bg3 O-O 12. O-O Kg7 13. c4 Na6 14. a3 Bf5 15. Bc2 Bg4 16. Qxg4 Qxd2 17. Rac1 Rad8 18. Rfd1 Qa5 19. h4 h5 20. Qe2 Rg8 21. cxd5 cxd5 22. Bb1 Rd7 23. Rc3 Nb8 24. f3 Qd8 25. fxe4 dxe4 26. Rf1 e6 27. Qc2 1-0

[Event "Bodensee-Cup"]
[Site "?"]
[Date "2002.??.??"]
[Round "2"]
[White "Hertneck Gerald"]
[Black "Kaenel Hansjuerg"]
[Result "1-0"]
[WhiteElo "2551"]
[BlackElo "2380"]
[PlyCount "71"]
[EventDate "2002.??.??"]
[Source "www.chesslib.no"]
[SourceDate "2004.05.04"]

1. d4 f5 2. Bg5 g6 3. Nc3 d5 4. Qd2 c6 5. f3 Bg7 6. O-O-O h6 7. Bf4 Nf6 8. h4 b5 9. Nh3 a5 10. Be5 Nbd7 11. Nf4 Kf7 12. Qe1 Nxe5 13. dxe5 Nh7 14. h5 g5 15. Ng6 Re8 16. e4 e6 17. g4 fxg4 18. fxg4 Nf8 19. Qf2+ Kg8 20. Bg2 Nxg6 21. hxg6 Rf8 22. Qc5 Bb7 23. exd5 exd5 24. Rde1 b4 25. Na4 Re8 26. e6 Qf6 27. Rhf1 Qxg6 28. Nb6 Rab8 29. Nd7 Rbc8 30. e7 h5 31. gxh5 Qxh5 32. Qd6 Qh6 33. Nf6+ Bxf6 34. Rxf6 Qh4 35. Qe6+ Kh7 36. Rf7+ 1-0

[Event "Decin-A"]
[Site "Decin CZE"]
[Date "1976.??.??"]
[Round "2"]
[White "Ornstein, Axel O"]
[Black "Knezevic, Milorad"]
[Result "1-0"]
[WhiteElo "2470"]
[BlackElo "2460"]
[PlyCount "57"]
[EventDate "1976.06.??"]
[Source "www.chesslib.no"]
[SourceDate "2004.05.04"]

1. d4 f5 2. Bg5 c6 3. Nd2 Nf6 4. Bxf6 exf6 5. e3 d5 6. Bd3 g6 7. Ne2 Bh6 8. c4 dxc4 9. Bxc4 Qe7 10. O-O Be6 11. Qb3 Bf7 12. Bxf7+ Qxf7 13. Nc4 Bf8 14. Rac1 b6 15. Rfd1 Nd7 16. Qc2 Qd5 17. Nf4 Qf7 18. d5 c5 19. Qa4 Qe7 20. Nxb6 Rb8 21. d6 Qd8 22. Nbd5 Kf7 23. Nc7 Rb4 24. Qc6 Nb6 25. d7 Be7 26. Nfe6 Qb8 27. Na6 Qe5 28. d8=Q Bxd8 29. Nxd8+ 1-0

[Event "HUN-chT 9798"]
[Site "Hungary"]
[Date "1998.??.??"]
[Round "?"]
[White "Wells, Peter K"]
[Black "Krizsany, Laszlo"]
[Result "1-0"]
[WhiteElo "2495"]
[BlackElo "2435"]
[PlyCount "80"]
[EventDate "1997.??.??"]
[Source "www.chesslib.no"]
[SourceDate "2004.05.04"]

1. d4 f5 2. Bg5 g6 3. Nc3 d5 4. h4 Bg7 5. e3 c6 6. Bd3 Qb6 7. Na4 Qa5+ 8. c3 Nd7 9. b4 Qc7 10. h5 b5 11. Nb2 Ngf6 12. h6 Bf8 13. Nf3 e6 14. a4 Ne4 15. Bf4 Bd6 16. Bxd6 Nxd6 17. Be2 O-O 18. Nd3 Nf7 19. axb5 cxb5 20. Nc5 Qc6 21. Ra5 a6 22. Qa1 Bb7 23. c4 bxc4 24. Bxc4 Nxh6 25. Bb3 Ng4 26. Ba4 Qb6 27. Bxd7 Qxb4+ 28. Kf1 Bc8 29. Bb5 f4 30. Nd3 Qb3 31. Nxf4 Nxe3+ 32. fxe3 Qxe3 33. Nh3 e5 34. Qe1 Qxe1+ 35. Kxe1 Bxh3 36. Rxh3 axb5 37. Rxa8 Rxa8 38. Nxe5 Ra2 39. g4 Rb2 40. Rc3 h5 1-0

[Event "FRA Ch"]
[Site "Toulouse FRA"]
[Date "1995.??.??"]
[Round "2"]
[White "Sharif, Mershad"]
[Black "Santo Roman, Marc"]
[Result "1/2-1/2"]
[WhiteElo "2465"]
[BlackElo "2465"]
[PlyCount "135"]
[EventDate "1995.08.??"]
[Source "www.chesslib.no"]
[SourceDate "2004.05.04"]

1. d4 f5 2. Bg5 h6 3. Bh4 g5 4. Bg3 Nf6 5. e3 e6 6. Nc3 d6 7. h4 Rg8 8. hxg5 hxg5 9. Bd3 Nc6 10. Nge2 Qe7 11. f3 Bd7 12. e4 O-O-O 13. Qd2 Nb4 14. Bb5 c6 15. a3 cxb5 16. axb4 a6 17. exf5 e5 18. dxe5 dxe5 19. O-O-O Bxf5 20. Qxd8+ Qxd8 21. Rxd8+ Kxd8 22. Bxe5 Nd7 23. Bg3 Bxb4 24. Nd4 Rf8 25. Nxf5 Rxf5 26. Ne4 Nf6 27. Rd1+ Kc8 28. Be1 Be7 29. Nd6+ Bxd6 30. Rxd6 g4 31. Ba5 Nd7 32. fxg4 Rf1+ 33. Rd1 Rf4 34. Re1 b6 35. Bd2 Rxg4 36. Re2 Nc5 37. Kd1 Ne4 38. g3 Kd7 39. Be3 Kc6 40. Bf4 Nxg3 41. Bxg3 Rxg3 42. Re6+ Kc5 43. Re5+ Kd6 44. Rh5 Re3 45. c3 Re5 46. Rh6+ Kc5 47. Kc2 Re2+ 48. Kb3 Rd2 49. Rh5+ Rd5 50. Rh4 a5 51. Rg4 Re5 52. Rh4 Re3 53. Rh5+ Kc6 54. Ka2 Re4 55. Rh6+ Kb7 56. Ka3 Ra4+ 57. Kb3 Ka6 58. Rh1 Re4 59. Rh5 Re3 60. Ka2 b4 61. cxb4 a4 62. Rg5 Rb3 63. b5+ Ka5 64. Rh5 Rxb5 65. Rh3 Rb4 66. Ka3 b5 67. b3 axb3 68. Rxb3 1/2-1/2

[Event "otb"]
[Site "otb"]
[Date "2007.05.27"]
[Round "7"]
[White "Novoselski Zoran"]
[Black "Sedlak Nikola"]
[Result "1/2-1/2"]
[WhiteElo "2354"]
[BlackElo "2575"]
[PlyCount "105"]
[Source "www.chesslib.no"]
[SourceDate "2004.05.04"]

1. d4 f5 2. Bg5 Nf6 3. Nc3 d5 4. Bxf6 exf6 5. e3 Be6 6. Nge2 Qd7 7. Nf4 Bf7 8. g3 Nc6 9. Bg2 Ne7 10. h4 h5 11. a4 a5 12. Qe2 c6 13. Nb1 Nc8 14. Nd2 Nd6 15. c4 Nxc4 16. Nxc4 dxc4 17. d5 Bb4+ 18. Kf1 O-O-O 19. Qxc4 Kb8 20. Rd1 g5 21. Nd3 Bxd5 22. Bxd5 Qxd5 23. Qxd5 Rxd5 24. Ke2 Bd6 25. Nc1 Rxd1 26. Rxd1 Kc7 27. Nb3 gxh4 28. gxh4 Be5 29. Nxa5 Ra8 30. b4 Bc3 31. Rg1 Bxb4 32. Rg7+ Kb6 33. Nc4+ Kc5 34. Nb2 Bc3 35. Nd3+ Kb6 36. Rh7 Rxa4 37. Rxh5 c5 38. Rh8 c4 39. Nf4 Ra2+ 40. Kf1 Be5 41. Ne2 Ra1+ 42. Kg2 Re1 43. Kf3 Kc7 44. h5 c3 45. Rh7+ Kc6 46. Rh8 c2 47. Rc8+ Bc7 48. Nd4+ Kd7 49. Nxc2 Rh1 50. Rh8 Be5 51. Kg2 Rh2+ 52. Kg1 Rh4 53. Ne1 1/2-1/2

[Event "Open"]
[Site "?"]
[Date "1999.??.??"]
[Round "?"]
[White "Nosenko Alexander"]
[Black "Moroz Alexander"]
[Result "1/2-1/2"]
[WhiteElo "2433"]
[BlackElo "2493"]
[PlyCount "63"]
[EventDate "1999.??.??"]
[Source "www.chesslib.no"]
[SourceDate "2004.05.04"]

1. d4 f5 2. Bg5 Nf6 3. Bxf6 exf6 4. e3 d5 5. Nc3 Be6 6. Qf3 Qd7 7. O-O-O Nc6 8. Nge2 O-O-O 9. Nf4 Bf7 10. g3 Kb8 11. Bg2 Ne7 12. h4 h5 13. Nd3 Nc8 14. Nc5 Bxc5 15. dxc5 Ne7 16. Qf4 Ng6 17. Qb4 c6 18. Ne2 Nf8 19. c4 Qc7 20. cxd5 cxd5 21. Kb1 Ng6 22. Nc3 Rc8 23. Bxd5 Bxd5 24. Rxd5 Ne7 25. Rd2 Qxc5 26. Qxc5 Rxc5 27. Rhd1 a6 28. Rd7 Rc7 29. Rxc7 Kxc7 30. Ne2 Rd8 31. Nd4 Rd6 32. Rc1+ 1/2-1/2

[Event "Stockholm"]
[Site "Stockholm"]
[Date "1995.??.??"]
[Round "7"]
[White "Ornstein, Axel"]
[Black "Agrest, Evgenij"]
[Result "1-0"]
[WhiteElo "2450"]
[BlackElo "2475"]
[PlyCount "69"]
[EventDate "1995.08.??"]
[Source "ChessBase"]

1. d4 f5 2. Bg5 c5 3. e4 cxd4 4. exf5 Qa5+ 5. Nd2 Qxf5 6. Ngf3 Nc6 7. Bd3 Qe6+ 8. Be2 h6 9. Bh4 g5 10. Bg3 g4 11. Nh4 d3 12. cxd3 Nd4 13. Ne4 h5 14. Rc1 Bh6 15. Rc4 Nc6 16. O-O d5 17. Nc5 Qf6 18. Rc3 Bg5 19. Qa4 Rh6 20. d4 Bxh4 21. Be5 Qf7 22. Bb5 Kf8 23. Bxc6 Rxc6 24. f3 g3 25. hxg3 Bf6 26. Re1 Nh6 27. Bxf6 Qxf6 28. Re5 Nf5 29. Rxd5 Nxg3 30. Ne4 Nxe4 31. Rd8+ Kg7 32. fxe4 e5 33. Qa5 Kh6 34. Rxc6 bxc6 35. Qc7 1-0

[Event "Dubna"]
[Site "?"]
[Date "1973.??.??"]
[Round "?"]
[White "Vaganian, Rafael A"]
[Black "Knezevic, Milorad"]
[Result "1-0"]
[WhiteElo "2500"]
[BlackElo "2420"]
[PlyCount "29"]
[EventDate "1973.??.??"]
[Source "www.chesslib.no"]
[SourceDate "2004.05.04"]

1. d4 f5 2. Bg5 g6 3. Nc3 d5 4. h4 Bg7 5. Qd2 c6 6. Nf3 Nd7 7. h5 h6 8. hxg6 hxg5 9. Rh7 Rxh7 10. gxh7 Ngf6 11. Qxg5 Kf7 12. Qxf5 Nb6 13. Ne5+ Kf8 14. Qf4 Qe8 15. g4 1-0

[Event "Euskadi ch, Subijana"]
[Site "Euskadi"]
[Date "1998.??.??"]
[Round "?"]
[White "Gomez, M."]
[Black "Garbisu, U."]
[Result "1-0"]
[WhiteElo "2495"]
[BlackElo "2425"]
[PlyCount "41"]
[EventDate "1998.??.??"]
[Source "www.chesslib.no"]
[SourceDate "2004.05.04"]

1. d4 f5 2. Bg5 c6 3. Nd2 g6 4. e4 fxe4 5. Nxe4 d5 6. Ng3 Bg7 7. c3 Qd6 8. Nf3 Nh6 9. Qd2 Nf7 10. Bf4 Qd8 11. Bd3 Bg4 12. Ng5 Nxg5 13. Bxg5 Nd7 14. f3 Be6 15. O-O-O Nf8 16. Rde1 Qd7 17. f4 h6 18. Bh4 O-O-O 19. f5 gxf5 20. Nh5 Rh7 21. Nf4 1-0

[Event "Chigorin Mem Open, St Petersburg RUS"]
[Site "?"]
[Date "2001.??.??"]
[Round "5"]
[White "Ayupov, D."]
[Black "Vaulin, A."]
[Result "0-1"]
[WhiteElo "2370"]
[BlackElo "2545"]
[PlyCount "92"]
[EventDate "2001.??.??"]
[Source "www.chesslib.no"]
[SourceDate "2004.05.04"]

1. d4 f5 2. Bg5 h6 3. Bh4 g5 4. Bg3 Nf6 5. e3 Bg7 6. Nc3 d6 7. h4 g4 8. h5 c6 9. Bd3 Qa5 10. Nge2 O-O 11. Nf4 e5 12. dxe5 dxe5 13. Bc4+ Kh7 14. Ng6 Rd8 15. Qe2 b5 16. Bf7 b4 17. Nb1 Ba6 18. Bc4 Nxh5 19. Ne7 Nxg3 20. fxg3 Qc5 21. Bxa6 Qxe7 22. Nd2 Nxa6 23. Qxa6 Qc5 24. Nc4 e4 25. O-O Qb5 26. Qxb5 cxb5 27. Na5 Rac8 28. Rxf5 Rxc2 29. Nb3 Rxb2 30. Rc1 Bc3 31. Rf7+ Kg6 32. Rxa7 Rd3 33. Rf1 Rxe3 34. Ra6+ Kg5 35. Nc5 Re1 36. Ne6+ Kh5 37. Nf4+ Kg5 38. Ne6+ Kg6 39. Nf8+ Kh5 40. Rxe1 Bxe1 41. Rf6 Bd2 42. Rf5+ Bg5 43. Rxb5 e3 44. Ne6 Kg6 45. Nxg5 Rb1+ 46. Kh2 e2 0-1